000 00501nam a22001937a 4500
003 OSt
005 20140310183001.0
008 130208t xxu||||| |||| 00| 0 eng d
020 _a8120725913
050 _aPN 4781
_b.Sh47 2003
100 _aShrivastava, K.M.
245 _aNews reporting and editing /
_cK.M. Shrivastava
250 _arev. ed.
260 _aNew Delhi :
_bSterling Publishers,
_c2003.
300 _a327 p. :
_c22 cm.
521 _aMC
942 _2lcc
_cBK
_kFOR
999 _c18113
_d18113